| 000 | 00490cam a22001571 4500 | ||
|---|---|---|---|
| 082 |
_a940.4 _bWEB |
||
| 100 | 1 |
_aWebster, Nesta Helen. _949275 |
|
| 245 | 1 | 4 |
_aThe surrender of an empire, _cby Nesta H. Webster. |
| 260 |
_aLondon, _bBoswell printing & publishing co., ltd., _c1931. |
||
| 300 |
_avii, 392 p. _billus. (map, facsims.) _c23 cm. |
||
| 526 |
_a0 _b0 _c0 _d940_400000000000000_WEB |
||
| 650 | 0 | _aCommunism. | |
| 650 | 0 |
_aMCE _9379 |
|
| 650 | 0 |
_aPangermanism. _949276 |
|
| 942 |
_2ddc _cBK |
||
| 999 |
_c552069 _d552069 |
||